| 000 | 00916cam a22002531a 4500 | ||
|---|---|---|---|
| 001 | e 23000250 | ||
| 003 | DLC | ||
| 005 | 20260227111214.0 | ||
| 008 | 860218s1923 dcu f000 0 eng c | ||
| 010 | _ae 23000250 | ||
| 035 | _a(OCoLC)13166002 | ||
| 040 |
_aLibrary, U.S. Bur. of Education _cABAU _dABAU _dDLC |
||
| 042 | _apremarc | ||
| 050 | 0 | 0 |
_aL111 _b.A6 1923, no. 19 |
| 051 |
_aS533 _b.W7 |
||
| 100 | 1 |
_aWorks, George A. _q(George Alan), _d1877- |
|
| 245 | 1 | 0 |
_aAgricultural education / _cby George A. Works. |
| 260 |
_aWashington : _bG.P.O., _c1923. |
||
| 300 |
_a21 p. ; _c23 cm. |
||
| 490 | 1 |
_aBulletin / Department of the Interior, Bureau of Education ; _v1923, no. 19 |
|
| 500 | _a"Advance sheets from the Biennial survey of education in the United States, 1920-1922." | ||
| 650 | 0 |
_aAgricultural education _zUnited States. |
|
| 830 | 0 |
_aBulletin (United States. Bureau of Education) ; _v1923, no. 19 |
|
| 999 |
_c20635 _d20635 |
||